|
|
|
|
| LEADER |
00000nab a2200000uu 4500 |
| 001 |
vtls011440955 |
| 003 |
SK-MaSNL |
| 005 |
20260303123327.0 |
| 008 |
230213|1976 xo |||||||||||||||||slo| |
| 015 |
|
|
|a SNBRB
|
| 035 |
|
|
|a (urnnbn)urn:nbn:sk:snk:ar-002znz
|
| 035 |
|
|
|a (uuid)153ef345-c04e-47ec-905b-c3b872078fe2
|
| 035 |
|
|
|a urn:nbn:sk:snk-abcfb6
|
| 040 |
|
|
|a SNKBUCL
|b slo
|c SNKBUCL
|e AACR2
|
| 041 |
0 |
|
|a slo
|
| 044 |
|
|
|a xo
|c SK
|
| 100 |
1 |
|
|a Šidlíková, Ivana
|4 aut
|9 777444
|
| 245 |
1 |
0 |
|a URČENIE NUKLEOZIDDIFOSFÁTKINÁZOVEJ AKTIVITY U STREPTOMYCES AUREOFACIENS
|c Ivana Šidlíková, Mária Príkazská, Jozef Šimúth, Ján Zelinka
|
| 700 |
1 |
|
|a Príkazská, Mária
|4 aut
|9 5826
|
| 700 |
1 |
|
|a Šimúth, Jozef,
|d 1936-
|4 aut
|9 198878
|
| 700 |
1 |
|
|a Zelinka, Ján,
|d 1922-2009
|4 aut
|9 198056
|
| 773 |
0 |
|
|t Biológia : časopis Slovenskej akadémie vied
|g Roč. 31, č. 9 (1976), s. 675-681
|
| 954 |
|
|
|a odborná, vedecká literatúra pôvodná (slovenská)
|2 lita
|
| 958 |
|
|
|a OND
|
| 958 |
|
|
|a EUIPO
|
| 958 |
|
|
|a article16
|
| 999 |
|
|
|c 1925247
|d 1927177
|